El Impuesto sobre el valor añadido y la actividad municipal / Miguel A. Lasheras Merino
ISBN:
84-7196-566-6
Publicado:
[Madrid] :
Secretaría General Técnica, Centro de Publicaciones del Ministerio de Economía y Hacienda, DL 1985
Descripción Física:
142 p. ; 21 cm
MARC
| LEADER | 00000nam a2200000Ia 4500 | ||
|---|---|---|---|
| 001 | 14136 | ||
| 008 | 160829s9999 xx 000 0 cat d | ||
| 020 | |a 84-7196-566-6 | ||
| 080 | |a M-4-133 | ||
| 100 | |a Lasheras Merino, Miguel A. |9 24956 | ||
| 245 | |a El Impuesto sobre el valor añadido y la actividad municipal / Miguel A. Lasheras Merino | ||
| 260 | |a [Madrid] : |b Secretaría General Técnica, Centro de Publicaciones del Ministerio de Economía y Hacienda, DL 1985 | ||
| 300 | |a 142 p. ; |c 21 cm | ||
| 490 | |a Monografías del impuesto sobre el valor añadido ; 8 | ||
| 650 | |a Impostos sobre el valor afegit |x Espanya |9 24957 | ||
| 700 | |a Espanya. Ministerio de Economía y Hacienda. Centro de Publicaciones |9 24958 | ||
| 901 | |a Arxiu | ||
| 942 | |n 1 | ||
| 952 | |0 0 |1 0 |4 0 |6 M4133 |7 1 |9 43390 |a Arxiu |b Arxiu |d 2016-12-01 |l 0 |o M-4-133 |p 14136 |r 2016-12-01 00:00:00 |w 2016-12-01 |y ARXIU | ||
| 999 | |c 45935 |d 45935 | ||